The noble scholar, jurist, historian


 His Excellency Dr. Abdul Wahhab bin Ibrahim Abu Sulaiman, may Allah have mercy on him.


 He was born in Umm Al-Qura in the year 1356 AH.

الحميراء : (Record no. 12056)

MARC details
000 -LEADER
fixed length control field 01243cam a22002891i 4500
003 - CONTROL NUMBER IDENTIFIER
control field SA-RiAUC
005 - DATE AND TIME OF LATEST TRANSACTION
control field 20250924042649.0
008 - FIXED-LENGTH DATA ELEMENTS--GENERAL INFORMATION
fixed length control field 250801s2012 mr g b 001 0bara c
020 ## - INTERNATIONAL STANDARD BOOK NUMBER
International Standard Book Number 9789954597033
040 ## - CATALOGING SOURCE
Original cataloging agency MA-HhKAF
Language of cataloging ara
Transcribing agency SA-RiAUC.
Description conventions rda
072 #7 - SUBJECT CATEGORY CODE
Subject category code MAI
082 04 - DEWEY DECIMAL CLASSIFICATION NUMBER
Classification number 239.7
Assigning agency SA-RiAUC
090 ## - LOCALLY ASSIGNED LC-TYPE CALL NUMBER (OCLC); LOCAL CALL NUMBER (RLIN)
Classification number (OCLC) (R) ; Classification number, CALL (RLIN) (NR) 239.7
Local cutter number (OCLC) ; Book number/undivided call number, CALL (RLIN) ع م ر
100 1# - MAIN ENTRY--PERSONAL NAME
Personal name العمراني، بدر بن عبد الإله،
Dates associated with a name 1975-
Relator term مؤلف.
245 12 - TITLE STATEMENT
Title الحميراء :
Remainder of title عائشة أم المؤمنين رضى الله عنها من رحاب اللغة إلى محراب السنة /
Statement of responsibility, etc. تأليف بدر العمراني.
264 #1 - PRODUCTION, PUBLICATION, DISTRIBUTION, MANUFACTURE, AND COPYRIGHT NOTICE
Place of production, publication, distribution, manufacture الرباط :
Name of producer, publisher, distributor, manufacturer الرابطة المحمدية للعلماء،
Date of production, publication, distribution, manufacture, or copyright notice 2012.
300 ## - PHYSICAL DESCRIPTION
Extent 115 صفحة ؛
Dimensions 24 سم
336 ## - CONTENT TYPE
Content type term نص
Content type code txt
Source rdacontent
Materials specified كتاب
337 ## - MEDIA TYPE
Media type term بدون وسيط
Media type code n
Source rdamedia
338 ## - CARRIER TYPE
Carrier type term مجلد
Carrier type code nc
Source rdacarrier
500 ## - GENERAL NOTE
General note يشتمل على كشاف.
504 ## - BIBLIOGRAPHY, ETC. NOTE
Bibliography, etc. note ببليوجرافية : صفحة 103-112.
600 17 - SUBJECT ADDED ENTRY--PERSONAL NAME
Personal name عائشة أم المؤمنين، عائشة بنت عبد الله بن عثمان،
Dates associated with a name 9 قبل الهجرة-58 هجري
Source of heading or term aucnm
650 #7 - SUBJECT ADDED ENTRY--TOPICAL TERM
Topical term or geographic name entry element زوجات النبي
Form subdivision تراجم
Source of heading or term aucsh
942 ## - ADDED ENTRY ELEMENTS (KOHA)
Source of classification or shelving scheme Dewey Decimal Classification
Koha item type Books
Suppress in OPAC No
949 ## - LOCAL PROCESSING INFORMATION (OCLC)
a SA-JeALM
d 250801
u mohamedma123
n 1
Holdings
Withdrawn status Lost status Source of classification or shelving scheme Damaged status Not for loan Home library Current library Date acquired Total checkouts Full call number Barcode Date last seen Price effective from Koha item type
    Dewey Decimal Classification     DR AbdElwahab Library DR AbdElwahab Library 09/24/2025   239.7 ع م ر 000019401 09/24/2025 09/24/2025 Books